[Event "Barcelona La Lira op 33rd"]
[Site "Barcelona"]
[Date "2015.03.13"]
[Round "9"]
[White "Moya Palma, David"]
[Black "Masferrer Niubo, Enric"]
[Result "0-1"]
[WhiteElo "2017"]
[BlackElo "2016"]
[PlyCount "110"]
[EventDate "2015.01.16"]
[EventType "swiss"]
[EventRounds "9"]
[EventCountry "ESP"]
[SourceTitle "EXT 2016"]
[Source "ChessBase"]
[SourceDate "2015.10.08"]
[SourceVersion "1"]
[SourceVersionDate "2015.10.08"]
[SourceQuality "1"]

1. d4 Nf6 2. c4 g6 3. Nf3 Bg7 4. g3 0-0 5. Bg2 d6 6. 0-0 Nbd7 7. Nc3 e5 8. b3 Re8 9. Bb2 c6 10. e4 exd4 11. Nxd4 Nc5 12. Re1 a5 13. Qd2 Qb6 14. Rad1 a4 15. Qc2 axb3 16. axb3 Nfd7 17. Nde2 Qxb3 18. Qxb3 Nxb3 19. Rxd6 Ne5 20. Red1 Nxc4 21. Rd8 Be6 22. Rxe8+ Rxe8 23. Bc1 Nxc1 24. Rxc1 Ra8 25. h4 Ra3 26. Nd5 Ra1 27. Rxa1 Bxa1 28. Nb4 Nd6 29. e5 Bxe5 30. Nxc6 bxc6 31. Bxc6 Bc4 32. Bf3 Nf5 33. Kg2 Nd4 34. Nxd4 Bxd4 35. Bc6 Kg7 36. f3 Kf6 37. Be4 Ke5 38. Bc2 Bd5 39. Bb1 h6 40. Bc2 g5 41. hxg5 hxg5 42. g4 Kf4 43. Bd1 Ke3 44. Kg3 Bc3 45. Kg2 Be1 46. Kf1 Bxf3 47. Bb3 Bf2 48. Bxf7 Bxg4 49. Kg2 Bf3+ 50. Kf1 g4 51. Bh5 Bh4 52. Bxg4 Bxg4 53. Kg2 Ke2 54. Kh1 Kf2 55. Kh2 Bd8 0-1

[Event "Barcelona La Lira op 33rd"]
[Site "Barcelona"]
[Date "2015.02.13"]
[Round "5"]
[White "Moya Palma, David"]
[Black "Porras Mateo, Felipe"]
[Result "0-1"]
[WhiteElo "2017"]
[BlackElo "2248"]
[PlyCount "74"]
[EventDate "2015.01.16"]
[EventType "swiss"]
[EventRounds "9"]
[EventCountry "ESP"]
[SourceTitle "EXT 2016"]
[Source "ChessBase"]
[SourceDate "2015.10.08"]
[SourceVersion "1"]
[SourceVersionDate "2015.10.08"]
[SourceQuality "1"]

1. d4 Nf6 2. c4 e6 3. Nc3 Bb4 4. Nf3 b6 5. g3 Bb7 6. Bg2 0-0 7. 0-0 d6 8. Qc2 Nbd7 9. Bd2 h6 10. Rad1 Qe7 11. a3 Bxc3 12. Bxc3 Rae8 13. Rfe1 Be4 14. Qc1 a6 15. Bf1 Bh7 16. Bg2 Ne4 17. Nd2 Nxc3 18. Qxc3 e5 19. dxe5 Nxe5 20. Nf3 Ng4 21. Nd4 Qf6 22. Qf3 Qxf3 23. Nxf3 Nf6 24. e3 Ne4 25. Nd4 Nc5 26. Bc6 Re7 27. b4 Nd3 28. Re2 Ne5 29. b5 axb5 30. cxb5 Nxc6 31. Nxc6 Re4 32. Nd4 Re5 33. Rc1 Rc5 34. Rxc5 bxc5 35. Nc6 Ra8 36. Ra2 Kf8 37. f3 Bd3 0-1

[Event "Barcelona La Lira op-A 11th"]
[Site "Barcelona"]
[Date "2008.07.26"]
[Round "8.1"]
[White "Munoz Cuesta, Emilio Josep"]
[Black "Moya Palma, David"]
[Result "1-0"]
[WhiteElo "2198"]
[BlackElo "2111"]
[PlyCount "109"]
[EventDate "2008.07.19"]
[EventType "tourn"]
[EventRounds "9"]
[EventCountry "ESP"]
[SourceTitle "EXT 2024"]
[Source "ChessBase"]
[SourceDate "2023.10.10"]
[SourceVersion "1"]
[SourceVersionDate "2023.10.10"]
[SourceQuality "1"]

1. g3 d5 2. Bg2 Nf6 3. c4 dxc4 4. Na3 g6 5. Nxc4 Bg7 6. b3 0-0 7. Bb2 Nbd7 8. Nf3 c5 9. a4 Nb6 10. Rc1 Nxc4 11. Rxc4 Qb6 12. Ba3 Be6 13. Bxc5 Qc7 14. Rc1 Rac8 15. 0-0 Ne4 16. Bxa7 Qa5 17. Nd4 Nxf2 18. Rxf2 Rxc1 19. Qxc1 Qxa7 20. Nxe6 fxe6 21. e3 Rxf2 22. Kxf2 Kf7 23. Qc4 b6 24. Bh3 Qd7 25. Ke2 Qd5 26. Bg4 Qg2+ 27. Kd3 Qf1+ 28. Kc2 Qxc4+ 29. bxc4 Be5 30. Kd3 h5 31. Bf3 h4 32. gxh4 Bxh2 33. c5 bxc5 34. Kc4 Bc7 35. Kxc5 Ba5 36. d3 Bd2 37. e4 Be3+ 38. Kc6 Kf6 39. a5 Ke5 40. Bg4 Kd4 41. Be2 Kc3 42. a6 Kd2 43. Bf1 Ke1 44. Bh3 Kd2 45. Kb7 Kxd3 46. Bg2 Ke2 47. a7 Bxa7 48. Kxa7 Kf2 49. Bh1 Kg3 50. Kb7 Kxh4 51. Kc6 Kg3 52. Kd7 Kh2 53. Kxe7 g5 54. Kxe6 g4 55. Kf5 1-0

[Event "Barcelona La Lira op-A 11th"]
[Site "Barcelona"]
[Date "2008.07.23"]
[Round "5.4"]
[White "Mas Recorda, Pere"]
[Black "Moya Palma, David"]
[Result "1-0"]
[WhiteElo "2112"]
[BlackElo "2111"]
[PlyCount "61"]
[EventDate "2008.07.19"]
[EventType "tourn"]
[EventRounds "9"]
[EventCountry "ESP"]
[SourceTitle "EXT 2024"]
[Source "ChessBase"]
[SourceDate "2023.10.10"]
[SourceVersion "1"]
[SourceVersionDate "2023.10.10"]
[SourceQuality "1"]

1. c4 e6 2. Nc3 d5 3. d4 Nf6 4. Nf3 Nbd7 5. Bg5 c6 6. e3 Qa5 7. Bxf6 Nxf6 8. Bd3 dxc4 9. Bxc4 Bb4 10. Qb3 Ne4 11. Rc1 Nxc3 12. bxc3 Ba3 13. Rc2 0-0 14. 0-0 Rb8 15. Ne5 Bd6 16. f4 Bxe5 17. fxe5 Bd7 18. Rcf2 c5 19. Bd3 Qd8 20. Rf3 cxd4 21. cxd4 Qe7 22. Qb1 h6 23. Qd1 f6 24. exf6 Rxf6 25. Rxf6 gxf6 26. Qh5 Qg7 27. Rf3 Be8 28. Qc5 Kh8 29. Rg3 Qf7 30. Bg6 Qg8 31. Qh5 1-0

[Event "Barcelona La Lira op-A 11th"]
[Site "Barcelona"]
[Date "2008.07.19"]
[Round "1.2"]
[White "Rodriguez Regull, German"]
[Black "Moya Palma, David"]
[Result "1/2-1/2"]
[WhiteElo "2128"]
[BlackElo "2111"]
[PlyCount "50"]
[EventDate "2008.07.19"]
[EventType "tourn"]
[EventRounds "9"]
[EventCountry "ESP"]
[SourceTitle "EXT 2024"]
[Source "ChessBase"]
[SourceDate "2023.10.10"]
[SourceVersion "1"]
[SourceVersionDate "2023.10.10"]
[SourceQuality "1"]

1. Nf3 d5 2. b4 e6 3. Bb2 Nf6 4. a3 c5 5. bxc5 Bxc5 6. e3 Nbd7 7. d4 Bd6 8. c4 dxc4 9. Bxc4 0-0 10. 0-0 Nb6 11. Bd3 Nfd5 12. Nbd2 Bd7 13. Ne4 Be7 14. Ne5 Na4 15. Rb1 f5 16. Nxd7 Qxd7 17. Nc5 Bxc5 18. dxc5 Nac3 19. Qb3 Nxb1 20. Rxb1 Qc6 21. Bd4 Rab8 22. g3 Kh8 23. Be5 Qxc5 24. Qb2 Qe7 25. Bxb8 Rxb8 1/2-1/2

[Event "Barcelona op-B"]
[Site "Barcelona"]
[Date "1998.??.??"]
[Round "4"]
[White "Ravenet Catalan, J."]
[Black "Moya Palma, David"]
[Result "1/2-1/2"]
[WhiteElo "2005"]
[BlackElo "1955"]
[PlyCount "80"]
[EventDate "1998.??.??"]
[EventType "swiss"]
[EventRounds "8"]
[EventCountry "ESP"]
[SourceTitle "EXT 2019"]
[Source "ChessBase"]
[SourceDate "2018.10.10"]
[SourceVersion "1"]
[SourceVersionDate "2018.10.10"]
[SourceQuality "1"]

1. d4 d5 2. g3 Nf6 3. Nf3 e6 4. Bg2 Be7 5. Nbd2 0-0 6. 0-0 c5 7. c3 Nc6 8. Nb3 b6 9. Bg5 Ne4 10. Bxe7 Qxe7 11. Nfd2 f5 12. Rc1 Bb7 13. Nf3 Rad8 14. Qc2 e5 15. Nxe5 Nxe5 16. dxe5 Qxe5 17. e3 Bc6 18. Nd2 Rf6 19. Nf3 Qe8 20. b4 Bb5 21. Rfe1 cxb4 22. cxb4 Rc6 23. Qb2 Rdc8 24. Nd4 Rxc1 25. Rxc1 Bd7 26. a3 Rxc1+ 27. Qxc1 Qc8 28. Qxc8+ Bxc8 29. Nc6 Kf7 30. Nxa7 Bd7 31. Bf1 Nc3 32. Bd3 Ke6 33. Ba6 Nb1 34. Nc8 b5 35. Nb6 Nxa3 36. Bb7 d4 37. exd4 Nc2 38. d5+ Kd6 39. Nxd7 Kxd7 40. Bc6+ Kd6 1/2-1/2